Lidové písničky a koledy zpěvník více než 200 lidových písniček /

Hlavní autor: Beránková, Eva
Jazyk: Čeština
Vydáno: Praha : Portál , 2004
Vydání: Vyd. 1.
Témata:
Fyzický popis: 184 s. : il., noty ; 23 cm
Hudebniny Hudebniny
Uloženo v:
LEADER 01061ncm a2200313 a 4500
001 000746788
003 CZ BrMZK
005 20041110081733.0
007 qu
008 041101s2004 xr ||nn?? ?? cze d
020 |a 80-7178-915-1 
040 |a BOA001  |b cze 
040 |a ABA001  |b cze 
072 7 |a 784  |x Vokální hudba  |2 Konspekt  |9 9 
080 |a 784.4(=162.3)  |2 MRF 
080 |a 784.4(437.32)  |2 MRF 
080 |a 783.65  |2 MRF 
100 1 |a Beránková, Eva  |7 jn20001103786  |4 aut 
245 1 0 |a Lidové písničky a koledy  |h [hudebnina] :  |b zpěvník více než 200 lidových písniček /  |c Eva Beránková 
250 |a Vyd. 1. 
260 |a Praha :  |b Portál ,  |c 2004 
300 |a 184 s. :  |b il., noty ;  |c 23 cm 
650 0 7 |a české lidové písně  |7 ph128141  |2 czenas 
650 0 7 |a moravské lidové písně  |7 ph122978  |2 czenas 
650 0 7 |a koledy  |7 ph121707  |2 czenas 
655 7 |a zpěvníky  |7 fd133876  |2 czenas 
910 |a BOA001  |b Mus2-1139.487 
990 |a MU 
996 6 |b 2610227974  |c Mus2-1139.487  |l MZK  |r Sklad / do 1 hodiny  |n 17  |w 000746788  |u 000010  |a 1  |e BOA001  |j MZK50  |s P